000 00240nam a22001217a 4500
008 170930b xxu||||| |||| 00| 0 eng d
041 _aeng
080 _a37
100 _a47
101 _aEDU
245 _aLOGIC
_cHURLEY
942 _2udc
_cBK
999 _c30977
_d30977